000 01291nam a2200217 a 4500
008 190710s1988 ||||||||||||||||| || u
020 _a9780273025726
050 _aTS 155.6 Haw
100 _aHawkes, Barry
245 1 4 _aThe CADCAM process
_cBy Barry Hawkes
260 _aLondon
_bPITMAN Publishung
_c1988
300 _aviii, 275 pages : illustrations
650 _aMANUFACTURING PROCESSES--DATA PROCESSING
650 _aCAD/CAM SYSTEMS
650 _aINDUSTRIAL DESIGN--DATA PROCESSING
995 _D18.00
_FCBU-MAIN LIBRARY (Kitwe)
_M3
_UAVAILABLE
_WJul 12, 2019
_ZMain Library Open Access Collection
995 _FCBU-MPIKA LIBRARY
_I17.52
_M5
_UAVAILABLE
_WNov 22, 2019
_ZShort Loan Collection
995 _D18.00
_FCBU-MAIN LIBRARY (Kitwe)
_M2
_UAVAILABLE
_WJul 12, 2019
_ZMain Library Open Access Collection
995 _FCBU-MAIN LIBRARY (Kitwe)
_I17.52
_M4
_UAVAILABLE
_WNov 22, 2019
_ZShort Loan Collection
995 _D18.00
_FCBU-MAIN LIBRARY (Kitwe)
_M1
_UAVAILABLE
_WJul 12, 2019
_ZMain Library Open Access Collection
999 _c62467
_d62467